C : (Record no. 30070)

000 -LEADER
fixed length control field 01607 a2200289 4500
020 ## - INTERNATIONAL STANDARD BOOK NUMBER
International Standard Book Number 978-81-203-4006-0
020 ## - INTERNATIONAL STANDARD BOOK NUMBER
International Standard Book Number 978-81-203-4006-0
082 ## - DEWEY DECIMAL CLASSIFICATION NUMBER
Classification number 005.133
090 ## - LOCALLY ASSIGNED LC-TYPE CALL NUMBER (OCLC); LOCAL CALL NUMBER (RLIN)
-- 1459
-- 1459
100 1# - MAIN ENTRY--PERSONAL NAME
Personal name Deitel, Paul.
245 10 - TITLE STATEMENT
Title C :
Remainder of title how to program /
Statement of responsibility, etc. Paul Deitel, Harvey M. Deitel.
250 ## - EDITION STATEMENT
Edition statement 6th ed.
260 ## - PUBLICATION, DISTRIBUTION, ETC.
Place of publication, distribution, etc. [S.l.] :
Name of publisher, distributor, etc. Prentice Hall,
Date of publication, distribution, etc. 2010.
300 ## - PHYSICAL DESCRIPTION
Extent 966 p. ;
Dimensions 23 cm.
490 1# - SERIES STATEMENT
Series statement Eastern Economy Edition
700 ## - ADDED ENTRY--PERSONAL NAME
Personal name Deitel,
830 ## - SERIES ADDED ENTRY--UNIFORM TITLE
Uniform title Eastern Economy Edition
942 ## - ADDED ENTRY ELEMENTS (KOHA)
Institution code [OBSOLETE] SNS
Koha item type Book
Call number prefix 005.133 DIE
Holdings
Withdrawn status Lost status Source of classification or shelving scheme Damaged status Not for loan Permanent Location Current Location Shelving location Date acquired Full call number Barcode Date last seen Price effective from Koha item type Total Checkouts Total Renewals Date last checked out
        Not For Loan School of Natural Sciences (SNS) School of Natural Sciences (SNS) Reference 05/26/2016 005.133 DIE SNS0001729 05/26/2016 05/26/2016 Book      
          School of Natural Sciences (SNS) School of Natural Sciences (SNS)   05/26/2016 005.133 DIE SNS0001730 07/05/2021 05/26/2016 Book 5 3 03/08/2021
          School of Natural Sciences (SNS) School of Natural Sciences (SNS)   05/26/2016 005.133 DIE SNS0001731 07/06/2021 05/26/2016 Book 2   03/08/2021
          School of Natural Sciences (SNS) School of Natural Sciences (SNS)   05/26/2016 005.133 DIE SNS0001732 07/28/2022 05/26/2016 Book 4 3 03/01/2021
          School of Natural Sciences (SNS) School of Natural Sciences (SNS)   05/26/2016 005.133 DIE SNS0001733 02/26/2021 05/26/2016 Book 3   11/11/2020
          School of Natural Sciences (SNS) School of Natural Sciences (SNS)   05/26/2016 005.133 DIE SNS0001734 10/21/2024 05/26/2016 Book 2   09/19/2024
          School of Natural Sciences (SNS) School of Natural Sciences (SNS)   05/26/2016 005.133 DIE SNS0001735 08/04/2021 05/26/2016 Book 3 3 03/15/2021
          School of Natural Sciences (SNS) School of Natural Sciences (SNS)   05/26/2016 005.133 DIE SNS0001736 05/26/2016 05/26/2016 Book      
© 2023 Central Library, National University of Sciences and Technology. All Rights Reserved.